00428nam a2200169 4500003001100000005001700011008004100028020001500069040003900084041000800123082001500131100002000146245002000166260004300186300000800229650002100237LK-CoMWRAF20230905154425.0230905b1981 |||||||| |||| 00| 0 eng d a043527077X aLK-CoMWRAFdLK-CoMWRAFeLK-CoMWRAF aeng a428.6bFOR aForbes, Duncan  aThe Peacemakers aLondon :bHeinemann Educational,c1981 a58p aEnglish language